LEADER 00568nam0 22002293i 450 001 996427144803316 005 20210720130303.0 100 $a20020911d1971----||||0itac50 ba 101 0 $aspa 102 $aES 105 $aa 001yy 200 1 $aCinéma espagnol 1971 210 1 $aMadrid$cUniespana$d1971 215 $a217 p.$cill.$d22 cm 676 $a791.43094 801 0$aIT$bcba$gREICAT 912 $a996427144803316 951 $aVI.7.B. 1637$bISLA$cVI.7.$d542905 959 $aBK 969 $aISLA 996 $aCinéma espagnol 1971$91829545 997 $aUNISA